| 000 | 01993nam0a2200349 4500 | ||
|---|---|---|---|
| 001 | RU\NLR\bibl\1240757 | ||
| 005 | 20250615121210.0 | ||
| 010 |
_a978-5-7310-2259-0 _9100 |
||
| 021 |
_aRU _b2008-31463 _91739 |
||
| 035 | _a(NLR Aleph) 001226949 | ||
| 090 |
_a174048 _c174048 |
||
| 100 | _a20080616d2007 |||y0rusy50 ca | ||
| 101 | 0 | _arus | |
| 102 | _aRU | ||
| 105 | _ay ||||||||| | ||
| 200 | 1 |
_aПостклассическая парадигма рациональности в современном социокультурном познании и философии языка _eучебное пособие _fТ. Л. Гавришина, Е. И. Чубукова _gФедер. агентство по образованию, Гос. образоват. учреждение высш. проф. образования "С.-Петерб. гос. ун-т экономики и финансов", Каф. философии |
|
| 210 |
_aСанкт-Петербург _cИзд-во Санкт-Петербургского государственного университета экономики и финансов _d2007 |
||
| 215 |
_a164 с. _d20 |
||
| 320 | _aБиблиогр. в подстроч. прим. | ||
| 606 | 1 |
_aСоциальное познание _jУчебные издания для высших учебных заведений _xМетодология _92515788 _3RU\NLR\auth\661491102 |
|
| 606 | 1 |
_aФилософия языка _jУчебные издания для высших учебных заведений _91261561 _3RU\NLR\AUTH\66200491 |
|
| 686 | _aЮ251.402в6я73 | ||
| 686 | _aЮ224.21я73 | ||
| 686 | _aШ1в2 | ||
| 700 | 1 |
_aГавришина _bТ. Л. _gТамара Леонтьевна _4070 |
|
| 701 | 1 |
_aЧубукова _bЕ. И. _gЕлена Ивановна _4070 |
|
| 801 | 0 |
_aRU _bNLR _c20080616 _gRCR |
|
| 801 | 1 |
_aRU _bNLR _c20080616 |
|
| 942 | _cBOOK | ||
| 980 | _aNB | ||